Most Popular Vehicle Sold by State - Statistics

General Stats
  • This quiz has been taken 15 times
  • The average score is 24 of 50
Answer Stats
State Car Model % Correct
Alabama Ford F-150
100%
Idaho Ford F-150
100%
Iowa Ford F-150
100%
Kentucky Ford F-150
100%
Louisiana Ford F-150
100%
Michigan Ford F-150
100%
Missouri Ford F-150
100%
Montana Ford F-150
100%
Nebraska Ford F-150
100%
New Mexico Ford F-150
100%
Oklahoma Ford F-150
100%
South Carolina Ford F-150
100%
South Dakota Ford F-150
100%
Texas Ford F-150
100%
Utah Ford F-150
100%
West Virginia Ford F-150
100%
Wyoming Ford F-150
100%
Florida Toyota Corolla
58%
California Honda Civic
33%
Illinois Honda Civic
33%
Ohio Honda Civic
33%
Rhode Island Honda Civic
33%
Colorado Subaru Forester
33%
Massachusetts Honda CR-V
25%
New Jersey Honda CR-V
25%
New York Honda CR-V
25%
Pennsylvania Honda CR-V
25%
Alaska Subaru Outback
25%
Maine Subaru Outback
25%
New Hampshire Subaru Outback
25%
Vermont Subaru Outback
25%
Washington Subaru Outback
25%
Connecticut Toyota RAV4
25%
Maryland Toyota RAV4
25%
Nevada Toyota RAV4
25%
North Carolina Toyota RAV4
25%
Oregon Toyota RAV4
25%
Virginia Toyota RAV4
25%
Delaware Ford Explorer
17%
Arizona Toyota Tacoma
17%
Hawaii Toyota Tacoma
17%
Georgia Chevrolet Silverado 1500
8%
Indiana Chevrolet Silverado 1500
8%
Kansas Chevrolet Silverado 1500
8%
Minnesota Chevrolet Silverado 1500
8%
Mississippi Chevrolet Silverado 1500
8%
North Dakota Chevrolet Silverado 1500
8%
Tennessee Chevrolet Silverado 1500
8%
Wisconsin Chevrolet Silverado 1500
8%
Arkansas GMC Sierra 1500
0%
No matching quizzes found
Score Distribution
Percent of People with Each Score
Percentile by Number Answered
Your Score History
You have not taken this quiz